| 000 | 00396nam a22001337a 4500 | ||
|---|---|---|---|
| 999 |
_c18917 _d18917 |
||
| 008 | 210428b xxu||||| |||| 00| 0 eng d | ||
| 020 | _a0199829699 | ||
| 050 |
_aHG4529.5 _b.P67 2013 c.1 |
||
| 245 |
_aPortfolio theory and Management _cEdited by H. Kent Baker and Greg Filbeck |
||
| 260 |
_aNew York _bO.U.P. _c2013 |
||
| 300 | _axxxii, 767p. | ||
| 650 | _aPortfolio management | ||
| 942 |
_2lcc _cBK |
||